000 01474nam a22003617a 4500
003 CHAP
005 20220329143924.0
008 280812s2012 mx r 00010 spa d
010 _a103781
011 _a104753
035 _a115443
040 _cCHAP
090 _aTesis
100 1 _aFernández Hernández, Enedino.
_940205
245 1 0 _aBiodiversidad e identificación de hongos foliares presentes en trigo (triticum aestivum L.) de temporal, en los valles altos de México
_h[En línea]
_c/por Enedino Fernández Hernández
260 _aChapingo, Méx. :
_bEl autor,
_c2012
500 _aPara ver el contenido del material haga clic en la liga
502 _aTesis (M.C. en Protección Vegetal) -- UACH. Departamento de Parasitología Agrícola
590 _aALEPH
_b10
_c20130110
_lUCH01
_h1546
590 _aBATCH-UPD
_b10
_c20130110
_lUCH01
_h1641
590 _aBATCH-UPD
_b10
_c20130410
_lUCH01
_h1032
590 _aBATCH-UPD
_b10
_c20130914
_lUCH01
_h1359
590 _aBATCH-UPD
_b10
_c20140324
_lUCH01
_h1533
590 _aBATCH-UPD
_b10
_c20141002
_lUCH01
_h0855
590 _aCONVERSION
_b10
_c20130109
_lUCH01
_h1357
650 0 4 _aTrigo
_xEnfermedades por hongos.
_9115018
650 0 4 _aTrigo
_xPlagas.
_9115076
856 _3Finding aid
_uhttp://10.13.5.2/tesis/115443.pdf
_zTeclea aqui
901 _aBK
942 _cFOLL
949 _aTesis
_bBC
_cTES
_d33724002346454
_eTS1
_h53862
_i115443
_st
949 _aTesis
_bBC
_cTES
_d33724002346496
_eTS2
_fc.2
_h53863
_i115443
_st
999 _c103781
_d103781